000 00536nam a22001817a 4500
005 20180508165202.0
010 _aENG-123007
020 _c350.00
_a9789386702319
035 _aEN-106539
037 _aDBAD/PUB.
082 _aN
100 _aRai, Indra Bahadur
245 _aThere's a carnival today /
_cby Indra Bahadur Rai ; translated by Manjushree Thapa
260 _aNew Delhi
_bSpeaking Tiger
_c2017
270 _a4381/4, Ansari Road, Daryaganj
_bNew Delhi
_e110002
300 _a236p.
_b21cm(pbk)
942 _2ddc
_cEN
_hN
_mRAI
999 _c151942
_d151942